000 00835nam a2200217Ia 4500
003 Ost
005 20260507075056.0
008 260507s9999||||xx |||||||||||||| ||und||
040 _cfsecg
041 _aara
082 _a330
100 _aمشورب، إبراهيم
_eمؤلف
245 0 _aالاقتصاد السياسي :
_bمبادئ-مدارس-أنظمة /
_c إبراهيم مشورب
260 _aبيروت:
_bدار المنهل اللبناني,
_c2002
300 _a327 صفحة؛
_c22 سم
504 _aبيبليوغرافيا ص.322
520 _aالاقتصاد السياسي،المدارس الاقتصادية،موضوعات الاقتصاد السياسي،الاقتصاد السياسي المعاصر
653 _aالإقتصاد
653 _aالإقتصاد السياسي
942 _cكتاب
999 _c42742
_d42742